| 000 | 00631nam a22001577a 4500 | ||
|---|---|---|---|
| 003 | OSt | ||
| 005 | 20151104154701.0 | ||
| 008 | 151104b xxu||||| |||| 00| 0 eng d | ||
| 040 | _cRUA | ||
| 082 | _aFOR UM 1997 B123 Or.1 | ||
| 100 |
_93365 _aUM, VIREAK. |
||
| 245 | _aComtribution on the of use of medical plant studying in cambodia, វិភាគទានលើការសិក្សាស្រាវជ្រាវអំពីការប្រើប្រាស់រុក្ខជាតិជាឱសថនៅកម្ពុជា | ||
| 260 |
_aPhnom Penh _bRUA _c1997 |
||
| 300 |
_a126p. _bill. _c29cm. |
||
| 942 |
_2ddc _cFOR |
||
| 999 |
_c3138 _d3138 |
||